Statistiken für Süd- und Zentralasien Karten-Quiz

Klicken Sie hier um das Quiz zu spielen!

Allgemein

  • Dieses Quiz wurde 1,702 mal gespielt
  • Das Durchschnittsergebnis liegt bei 11 aus 13

Antwortstatistiken

Answer % Korrekt
Indien
98%
Sri Lanka
96%
Malediven
96%
Kasachstan
93%
Pakistan
92%
Bangladesch
92%
Nepal
91%
Bhutan
91%
Afghanistan
89%
Kirgisistan
72%
Tadschikistan
72%
Usbekistan
68%
Turkmenistan
64%

Verteilung der Resultate

Perzentil nach korrekt beantworteten Fragen

Anzahl Personen mit jedem Resultat

Ihre Resultats-Entwicklung

Sie haben dieses Quiz noch nicht gespielt